MARC

LEADER 00000nam0a2200000 4500
001 69705
005 20231031080033.0
035 |a (RuTPU)RU\TPU\book\74210 
090 |a 69705 
100 |a 20041030d1978 km y0rusy50 ca 
101 0 |a rus 
102 |a RU 
105 |a a z 001zy 
200 1 |a Питательные агрегаты мощных энергоблоков  |f Б. Я. Печеник, Г. И. Хатетовский 
210 |a Москва  |c Энергия  |d 1978 
215 |a 175 с.  |c ил. 
320 |a Библиогр.: с. 173 
610 1 |a тепловые электрические станции 
610 1 |a насосные установки 
610 1 |a энергоблоки 
610 1 |a питательные агрегаты 
610 1 |a конструкции 
610 1 |a монтаж 
675 |a 621.311.22.002.5:621.1  |v 3 
700 1 |a Печеник  |b Б. Я.  |g Борис Яковлевич 
701 1 |a Хатетовский  |b Г. И.  |g Генрих Иванович 
801 1 |a RU  |b 63413507  |c 20041030  |g PSBO 
801 2 |a RU  |b 63413507  |c 20150227  |g PSBO 
942 |c BK